Catálogo
 En Linea

El peronismo : (Registro nro. 13617)

Detalles MARC
000 -CABECERA
campo de control de longitud fija 00870cam a2200265 a 4500
001 - NÚMERO DE CONTROL
campo de control 000014013
005 - FECHA Y HORA DE LA ÚLTIMA TRANSACCIÓN
campo de control 20200929163434.0
008 - DATOS DE LONGITUD FIJA--INFORMACIÓN GENERAL
campo de control de longitud fija 721207s1972 ag b 000 0 spa
035 ## - NÚMERO DE CONTROL DEL SISTEMA
Número de control de sistema (OCoLC)510095
040 ## - FUENTE DE LA CATALOGACIÓN
Centro catalogador/agencia de origen DO-SdBNP
Lengua de catalogación spa
Centro/agencia transcriptor OCU
Centro/agencia modificador OCoLC
-- DLC
-- BNPHU
082 ## - NÚMERO DE LA CLASIFICACIÓN DECIMAL DEWEY
Número de clasificación 324.20982
Número de documento/Ítem P979p, 1972
049 ## - FONDOS LOCALES (OCLC)
Fondos de biblioteca BNGR
100 1# - ENTRADA PRINCIPAL--NOMBRE DE PERSONA
Nombre de persona Puiggrós, Rodolfo,
Fechas asociadas al nombre 1906-1980.
9 (RLIN) 31702
245 13 - MENCIÓN DE TÍTULO
Título El peronismo :
Resto del título sus causas /
Mención de responsabilidad, etc. Rodolfo Puiggrós ; prólogo, Juan Perón.
250 ## - MENCIÓN DE EDICIÓN
Mención de edición 3a ed.
260 ## - PUBLICACIÓN, DISTRIBUCIÓN, ETC.
Lugar de publicación, distribución, etc. Buenos Aires :
Nombre del editor, distribuidor, etc. Cepe,
Fecha de publicación, distribución, etc. 1972.
300 ## - DESCRIPCIÓN FÍSICA
Extensión 172 p. ;
Dimensiones 20 cm.
490 1# - MENCIÓN DE SERIE
Mención de serie Los Porques
504 ## - NOTA DE BIBLIOGRAFÍA, ETC.
Nota de bibliografía, etc. Incluye referencias bibliográficas.
650 #4 - PUNTO DE ACCESO ADICIONAL DE MATERIA--TÉRMINO DE MATERIA
Término de materia o nombre geográfico como elemento de entrada Partídos políticos
Subdivisión geográfica Argentina
9 (RLIN) 31703
651 #4 - PUNTO DE ACCESO ADICIONAL DE MATERIA--NOMBRE GEOGRÁFICO
Nombre geográfico Argentina
Subdivisión general Política Y Gobierno
Subdivisión cronológica 1910-1943.
9 (RLIN) 31704
700 1# - PUNTO DE ACCESO ADICIONAL--NOMBRE DE PERSONA
Nombre de persona Perón, Juan,
Término indicativo de función/relación pról.
9 (RLIN) 31705
830 #0 - PUNTO DE ACCESO ADICIONAL DE SERIE-TÍTULO UNIFORME
Título uniforme Los Porques
9 (RLIN) 31706
910 ## - DATOS DE OPCIÓN DEL USUARIO (OCLC)
Datos de opción del usuario Catalogación derivada
Existencias
Estado de retiro Estado de pérdida Restricciones de uso No para préstamo Código de colección Localización permanente Ubicación/localización actual Ubicación en estantería Fecha de adquisición Número de inventario Total de préstamos Signatura topográfica completa Código de barras Fecha visto por última vez Precio válido a partir de Tipo de ítem Koha
    Préstamo interno   Monografías: Libros y Folletos General General En catalogación 02.12.2009 LF1   324.20982 P979p, 1972 14013-10 25.06.2020 25.06.2020 Préstamo interno

Con tecnología Koha